|
|
|
|
| LEADER |
01018pam a22002418a 4500 |
| 001 |
00022851 |
| 005 |
20171026081025.0 |
| 008 |
110606s1994 ||||||Viesd |
| 041 |
0 |
# |
|a Vie
|
| 082 |
1 |
# |
|a 808
|b V115H
|
| 245 |
0 |
0 |
|n T.3
|a Văn học nước ngoài
|b Viết theo kế hoạch của hội đồng hợp tác biên soạn, xuất bản các trường CĐSP
|
| 260 |
# |
# |
|a Nghệ An
|b Trường CĐSP Nghệ An
|c 1994
|
| 300 |
# |
# |
|c 21 cm.
|a 174 tr.
|
| 490 |
0 |
# |
|a Tủ sách cao đẵng sư phạm
|
| 650 |
|
|
|a Hy Lạp
|
| 650 |
|
|
|a Văn học
|
| 650 |
|
|
|a Pháp
|
| 852 |
# |
# |
|b Kho giáo trình
|j KGT.0023403, KGT.0023404, KGT.0023405, KGT.0023406, KGT.0023407, KGT.0033598, KGT.0033905
|
| 852 |
# |
# |
|b Kho mượn
|j KGT.0023403
|
| 852 |
# |
# |
|j KD.0009403
|j KGT.0023403
|j KGT.0023404
|j KGT.0033905
|j KGT.0033598
|j KGT.0023405
|
| 852 |
# |
# |
|j KD.0009403
|b Kho đọc
|
| 910 |
# |
# |
|a nhnam
|d 06/06/2011
|
| 980 |
# |
# |
|a Trung tâm Học liệu Lê Vũ Hùng, Trường Đại học Đồng Tháp
|